Normal view MARC view
  • Diálogo universitario

Entry Nombre de Reunión

Number of records used in: 1

001 - NÚMERO DE CONTROL

  • campo de control: 59175

003 - IDENTIFICADOR DE NÚMERO DE CONTROL

  • campo de control: MX-MxUPN

005 - FECHA Y HORA DE LA ÚLTIMA TRANSACCIÓN

  • campo de control: 20260325151741.0

008 - DATOS DE LONGITUD FIJA

  • campo de control de longitud fija: 260325n||acnnnabbn fa a|a d

040 ## - FUENTE DE CATALOGACIÓN

  • Agencia original de catalogación: MX-MxUPN

111 ## - ENCABEZAMIENTO - NOMBRE DE REUNIÓN

  • Nombre de reunión o de jurisdicción: Diálogo universitario
  • Lugar de la reunión: San Luis Potosí, S.L.P.
  • Fecha de la reunión : 1983

902 ## - CATALOGADOR

  • Catalogador: JohanaAllegre/250326